| 000 | 00571nam a22001457a 4500 | ||
|---|---|---|---|
| 003 | 0 | ||
| 005 | 20160609172545.0 | ||
| 008 | 130902t xxu||||| |||| 00| 0 eng d | ||
| 040 |
_aBUAC _bFr _cBEPAC |
||
| 100 |
_aDJIDONOU KOUSSOUALI, Vincent Noutin _927185 |
||
| 245 |
_aContribution des coopératives d'aménagement rural du grand AGONVY au devéloppement local: Cas d'ATCHONSA-TATONNONKON (Commune de BONOU et d'ADJA-OUERE) _cDJIDONOU KOUSSOUALI, Vincent Noutin |
||
| 260 |
_aAbomey-Calavi _bEcole Polytechnique d’Abomey-Calavi _c2006 |
||
| 300 | _a41p. | ||
| 942 | _cLIVR | ||
| 999 |
_c53165 _d53165 |
||